|
|
|
|
| LEADER |
00000nab a2200000 a 4500 |
| 001 |
vtls008771991 |
| 003 |
SK-MaSNL |
| 005 |
20260304210642.0 |
| 008 |
250505c2006 xo mr|p|||an |000 b|slo |
| 015 |
|
|
|a SNBRB2006/06
|
| 035 |
|
|
|a (uuid)e47f9304-e2ec-472d-afd0-f51afec713de
|
| 035 |
|
|
|a urn:nbn:sk:snk-ab9tbl
|
| 035 |
|
|
|a (urnnbn)urn:nbn:sk:snk:ar-a08s4j
|
| 038 |
|
|
|a SPK
|
| 040 |
|
|
|a SNKBUCL
|b slo
|c SNKBUCL
|e AACR2
|
| 041 |
0 |
|
|a slo
|b eng
|b slo
|
| 044 |
|
|
|a xo
|c SK
|
| 080 |
|
|
|a 004.655
|2 1997
|
| 100 |
1 |
|
|a Parízková, Jana
|4 aut
|9 6468
|
| 245 |
1 |
0 |
|a Efektívnosť programu v jazykoch rôznej úrovne
|c Jana Parízková
|
| 246 |
3 |
1 |
|a Effectiveness of programm in different language levels
|
| 300 |
|
|
|b Grafy, tab.
|
| 504 |
|
|
|a Bibliogr. odkazy
|
| 546 |
|
|
|a Res. angl., slov.
|
| 546 |
|
|
|a Súbežný názov v angličtine
|
| 650 |
0 |
7 |
|a programovacie jazyky
|2 snkbucl
|9 1838
|
| 773 |
0 |
|
|t Technológia vzdelávania
|g Roč. XIV., č. 3 (2006), s. 9-12
|x 1335-003X
|
| 850 |
|
|
|a Slovenská národná knižnica
|
| 852 |
|
|
|a Slovenská národná knižnica
|
| 954 |
|
|
|a odborná, vedecká literatúra pôvodná (slovenská)
|2 lita
|
| 958 |
|
|
|a article13
|
| 958 |
|
|
|a NB
|2 spk
|
| 958 |
|
|
|a OND
|
| 958 |
|
|
|a EUIPO
|
| 999 |
|
|
|c 3127041
|d 3128971
|